Statistics for Lead Singers Picture Quiz

Click here to take the quiz!

General Stats

  • This quiz has been taken 60 times
  • The average score is 4 of 15

Answer Stats

Answer% Correct
David Bowie
96%
Chris Martin
67%
Axl Rose
58%
Billy Joe Armstrong
38%
Jerry Garcia
31%
Anthony Kiedis
27%
Mark Knopfler
21%
Francis Rossi
17%
Phil Lynott
15%
Marc Bolan
13%
Ronnie Van Zant
8%
Brandon Flowers
4%
Don Henley
2%
Stuart Adamson
0%
Levi Stubbs
0%

Score Distribution

Percentile by Number Answered

Percent of People with Each Score

Your Score History

You have not taken this quiz